[Event "56th Hull Congress"]
[Site "Hull"]
[Date "2019.11.01"]
[Round "1"]
[Board "11"]
[White "Chan, Sheng Liang Bernard"]
[Black "Munshi, Aditya"]
[Result "1-0"]
[WhiteElo "1776"]
[BlackElo "2183"]
[PlyCount "0"]
[EventDate "2019.11.01"]
[EventRounds "5"]
[EventCountry "ENG"]

1. d4 {[%clk 01:30:51]} {[%emt 00:00:09]} Nf6 {[%clk 01:30:46]} {[%emt
00:00:14]} 2. Nf3 {[%clk 01:31:01]} {[%emt 00:00:23]} e6 {[%clk 01:30:16]}
{[%emt 00:00:57]} 3. Bf4 {[%clk 01:31:17]} {[%emt 00:00:14]} d5 {[%clk
01:30:06]} {[%emt 00:00:40]} 4. e3 {[%clk 01:31:22]} {[%emt 00:00:24]} c5
{[%clk 01:30:26]} {[%emt 00:00:11]} 5. c3 {[%clk 01:31:41]} {[%emt 00:00:11]}
Nc6 {[%clk 01:30:47]} {[%emt 00:00:09]} 6. Bd3 {[%clk 01:30:38]} {[%emt
00:01:32]} Bd6 {[%clk 01:31:06]} {[%emt 00:00:12]} 7. Bg3 {[%clk 01:30:41]}
{[%emt 00:00:27]} O-O {[%clk 01:31:13]} {[%emt 00:00:24]} 8. O-O {[%clk
01:30:52]} {[%emt 00:00:18]} b6 {[%clk 01:30:49]} {[%emt 00:00:55]} 9. Ne5
{[%clk 01:29:47]} {[%emt 00:01:34]} Qc7 {[%clk 01:27:13]} {[%emt 00:04:06]} 10.
f4 {[%clk 01:29:30]} {[%emt 00:00:46]} Ne7 {[%clk 01:23:22]} {[%emt 00:04:22]}
11. Nd2 {[%clk 01:27:47]} {[%emt 00:02:12]} Nf5 {[%clk 01:14:04]} {[%emt
00:09:49]} 12. Bf2 {[%clk 01:27:44]} {[%emt 00:00:32]} Be7 {[%clk 01:13:07]}
{[%emt 00:01:28]} 13. Qf3 {[%clk 01:20:31]} {[%emt 00:07:41]} Nd6 {[%clk
01:00:11]} {[%emt 00:13:28]} 14. Bh4 {[%clk 01:15:56]} {[%emt 00:05:04]} Bb7
{[%clk 00:53:51]} {[%emt 00:06:50]} 15. Bxf6 {[%clk 01:10:52]} {[%emt
00:05:35]} Bxf6 {[%clk 00:53:50]} {[%emt 00:00:31]} 16. Ng4 {[%clk 01:11:10]}
{[%emt 00:00:11]} Be7 {[%clk 00:52:03]} {[%emt 00:02:19]} 17. Qh3 {[%clk
01:06:01]} {[%emt 00:05:38]} f5 {[%clk 00:47:12]} {[%emt 00:05:23]} 18. Nf3
{[%clk 00:59:50]} {[%emt 00:06:40]} Ne4 {[%clk 00:44:09]} {[%emt 00:03:34]} 19.
Nge5 {[%clk 00:59:59]} {[%emt 00:00:20]} Rf6 {[%clk 00:34:37]} {[%emt
00:10:03]} 20. g3 {[%clk 00:52:31]} {[%emt 00:07:58]} c4 {[%clk 00:28:12]}
{[%emt 00:06:54]} 21. Bc2 {[%clk 00:49:29]} {[%emt 00:03:32]} b5 {[%clk
00:28:35]} {[%emt 00:00:08]} 22. a3 {[%clk 00:49:08]} {[%emt 00:00:51]} a5
{[%clk 00:28:35]} {[%emt 00:00:30]} 23. Qg2 {[%clk 00:41:51]} {[%emt 00:07:46]}
Ra6 {[%clk 00:26:38]} {[%emt 00:02:28]} 24. Kh1 {[%clk 00:32:49]} {[%emt
00:09:32]} b4 {[%clk 00:22:53]} {[%emt 00:04:15]} 25. axb4 {[%clk 00:32:55]}
{[%emt 00:00:24]} axb4 {[%clk 00:23:10]} {[%emt 00:00:12]} 26. Rxa6 {[%clk
00:33:20]} {[%emt 00:00:07]} Bxa6 {[%clk 00:23:30]} {[%emt 00:00:08]} 27. Ra1
{[%clk 00:33:26]} {[%emt 00:00:25]} Bb7 {[%clk 00:23:18]} {[%emt 00:00:43]} 28.
Bxe4 {[%clk 00:28:40]} {[%emt 00:05:15]} fxe4 {[%clk 00:20:27]} {[%emt
00:03:22]} 29. Ng5 {[%clk 00:28:48]} {[%emt 00:00:19]} h6 {[%clk 00:20:05]}
{[%emt 00:00:54]} 30. Nh3 {[%clk 00:27:23]} {[%emt 00:01:55]} Bd6 {[%clk
00:17:38]} {[%emt 00:02:57]} 31. g4 {[%clk 00:24:21]} {[%emt 00:03:32]} bxc3
{[%clk 00:04:26]} {[%emt 00:13:43]} 32. bxc3 {[%clk 00:24:38]} {[%emt
00:00:13]} Bxe5 {[%clk 00:04:46]} {[%emt 00:00:10]} 33. dxe5 {[%clk 00:24:33]}
{[%emt 00:00:35]} Rf8 {[%clk 00:02:59]} {[%emt 00:02:17]} 34. g5 {[%clk
00:23:42]} {[%emt 00:01:20]} Kh7 {[%clk 00:01:06]} {[%emt 00:02:23]} 35. Rg1
{[%clk 00:20:50]} {[%emt 00:03:22]} h5 {[%clk 00:00:45]} {[%emt 00:00:52]} 36.
g6+ {[%clk 00:20:00]} {[%emt 00:01:20]} Kg8 {[%clk 00:01:09]} {[%emt 00:00:08]}
37. Ng5 {[%clk 00:20:16]} {[%emt 00:00:12]} Qb6 {[%clk 00:00:57]} {[%emt
00:00:42]} 38. Qh3 {[%clk 00:19:42]} {[%emt 00:01:04]} Ra8 {[%clk 00:00:59]}
{[%emt 00:00:29]} 39. Qxh5 {[%clk 00:18:09]} {[%emt 00:02:02]} d4 {[%clk
00:01:17]} {[%emt 00:00:14]} 40. cxd4 {[%clk 00:17:28]} {[%emt 00:01:10]} Bd5
{[%clk 00:01:36]} {[%emt 00:00:12]} 41. Qh7+ {[%clk 00:17:23]} {[%emt
00:00:34]} Kf8 {[%clk 00:02:05]} {[%emt 00:00:02]} 42. Qh8+ {[%clk 00:17:40]}
{[%emt 00:00:12]} Ke7 {[%clk 00:02:34]} {[%emt 00:00:03]} 43. Qxg7+ {[%clk
00:17:58]} {[%emt 00:00:10]} Kd8 {[%clk 00:03:01]} {[%emt 00:00:04]} 44. Nf7+
{[%clk 00:17:54]} {[%emt 00:00:34]} Kc7 {[%clk 00:03:18]} {[%emt 00:00:13]} 45.
Nd6+ {[%clk 00:17:40]} {[%emt 00:00:44]} Kc6 {[%clk 00:03:47]} {[%emt
00:00:01]} 46. Qf7 {[%clk 00:16:18]} {[%emt 00:01:52]} c3 {[%clk 00:02:00]}
{[%emt 00:02:18]} 47. g7 {[%clk 00:16:40]} {[%emt 00:00:08]} c2 {[%clk
00:02:04]} {[%emt 00:00:25]} 48. g8=Q {[%clk 00:16:33]} {[%emt 00:00:37]} Rxg8
{[%clk 00:01:52]} {[%emt 00:00:42]} 49. Qxg8 {[%clk 00:16:58]} {[%emt
00:00:05]} Qxd4 {[%clk 00:01:50]} {[%emt 00:00:32]} 50. Qa8+ {[%clk 00:16:12]}
{[%emt 00:01:16]} Kb6 {[%clk 00:02:01]} {[%emt 00:00:20]} 51. Qa7+ {[%clk
00:16:33]} {[%emt 00:00:09]} Kxa7 {[%clk 00:02:09]} {[%emt 00:00:22]} 52. Nb5+
{[%clk 00:17:02]} Kb6 {[%clk 00:02:31]} {[%emt 00:00:08]} 53. Nxd4 {[%clk
00:17:28]} {[%emt 00:00:04]} c1=R {[%clk 00:02:53]} {[%emt 00:00:08]} 54. Rxc1
{[%clk 00:17:48]} {[%emt 00:00:09]}  1-0

[Event "56th Hull Congress"]
[Site "Hull"]
[Date "2019.11.01"]
[Round "1"]
[Board "12"]
[White "Britton, Richard"]
[Black "Murphy, Ross"]
[Result "1-0"]
[WhiteElo "2160"]
[BlackElo "1651"]
[PlyCount "0"]
[EventDate "2019.11.01"]
[EventRounds "5"]
[EventCountry "ENG"]

1. e4 {[%clk 01:30:55]} {[%emt 00:00:07]} Nf6 {[%clk 01:30:53]} {[%emt
00:00:04]} 2. d3 {[%clk 01:31:19]} {[%emt 00:00:08]} e5 {[%clk 01:31:11]}
{[%emt 00:00:10]} 3. Nf3 {[%clk 01:31:44]} {[%emt 00:00:06]} Nc6 {[%clk
01:31:14]} {[%emt 00:00:27]} 4. c3 {[%clk 01:31:50]} {[%emt 00:00:27]} d5
{[%clk 01:31:30]} {[%emt 00:00:12]} 5. Nbd2 {[%clk 01:31:52]} {[%emt 00:00:28]}
dxe4 {[%clk 01:31:34]} {[%emt 00:00:25]} 6. dxe4 {[%clk 01:32:18]} {[%emt
00:00:05]} Bc5 {[%clk 01:31:33]} {[%emt 00:00:30]} 7. Bb5 {[%clk 01:31:21]}
{[%emt 00:01:27]} O-O {[%clk 01:30:04]} {[%emt 00:01:59]} 8. O-O {[%clk
01:31:45]} {[%emt 00:00:07]} Qe7 {[%clk 01:28:38]} {[%emt 00:01:56]} 9. Qc2
{[%clk 01:28:36]} {[%emt 00:03:37]} Bg4 {[%clk 01:26:39]} {[%emt 00:02:29]} 10.
h3 {[%clk 01:27:30]} {[%emt 00:01:37]} Bh5 {[%clk 01:26:31]} {[%emt 00:00:37]}
11. Nh4 {[%clk 01:24:22]} {[%emt 00:03:38]} Bg6 {[%clk 01:25:23]} {[%emt
00:01:39]} 12. Nxg6 {[%clk 01:17:59]} {[%emt 00:06:55]} hxg6 {[%clk 01:25:41]}
{[%emt 00:00:09]} 13. Be2 {[%clk 01:17:11]} {[%emt 00:01:18]} Nd8 {[%clk
01:24:22]} {[%emt 00:01:49]} 14. b4 {[%clk 01:15:21]} {[%emt 00:02:22]} Bd6
{[%clk 01:22:53]} {[%emt 00:01:57]} 15. Nc4 {[%clk 01:15:22]} {[%emt 00:00:30]}
Ne6 {[%clk 01:22:32]} {[%emt 00:00:50]} 16. g3 {[%clk 01:15:41]} {[%emt
00:00:11]} Rfd8 {[%clk 01:21:20]} {[%emt 00:01:42]} 17. Kg2 {[%clk 01:15:07]}
{[%emt 00:01:05]} c6 {[%clk 01:20:58]} {[%emt 00:00:51]} 18. h4 {[%clk
01:12:24]} {[%emt 00:03:13]} Bc7 {[%clk 01:19:12]} {[%emt 00:02:15]} 19. a4
{[%clk 01:09:17]} {[%emt 00:03:38]} Rd7 {[%clk 01:17:05]} {[%emt 00:02:37]} 20.
Be3 {[%clk 01:05:23]} {[%emt 00:04:25]} b6 {[%clk 01:15:09]} {[%emt 00:02:25]}
21. Rfd1 {[%clk 00:56:23]} {[%emt 00:09:31]} Rad8 {[%clk 01:15:05]} {[%emt
00:00:35]} 22. Rxd7 {[%clk 00:56:37]} {[%emt 00:00:16]} Rxd7 {[%clk 01:15:09]}
{[%emt 00:00:25]} 23. f3 {[%clk 00:51:33]} {[%emt 00:05:35]} c5 {[%clk
01:14:02]} {[%emt 00:01:37]} 24. b5 {[%clk 00:51:49]} {[%emt 00:00:14]} Nh5
{[%clk 01:12:30]} {[%emt 00:02:01]} 25. Rh1 {[%clk 00:50:39]} {[%emt 00:01:41]}
f5 {[%clk 01:12:26]} {[%emt 00:00:33]} 26. exf5 {[%clk 00:48:31]} {[%emt
00:02:40]} gxf5 {[%clk 01:10:21]} {[%emt 00:02:32]} 27. Qxf5 {[%clk 00:48:12]}
{[%emt 00:00:50]} Qf7 {[%clk 01:09:34]} {[%emt 00:01:17]} 28. Qxf7+ {[%clk
00:44:50]} {[%emt 00:03:54]} Rxf7 {[%clk 01:09:10]} {[%emt 00:00:50]} 29. Nd2
{[%clk 00:43:45]} {[%emt 00:01:39]} Kf8 {[%clk 01:05:38]} {[%emt 00:04:01]} 30.
Ne4 {[%clk 00:44:08]} {[%emt 00:00:08]} Nf6 {[%clk 01:01:13]} {[%emt 00:04:54]}
31. Bc4 {[%clk 00:42:42]} {[%emt 00:01:56]} Nxe4 {[%clk 01:00:33]} {[%emt
00:01:09]} 32. fxe4 {[%clk 00:41:57]} {[%emt 00:01:16]} Rf6 {[%clk 00:59:24]}
{[%emt 00:01:39]} 33. h5 {[%clk 00:38:15]} {[%emt 00:04:13]} Ke8 {[%clk
00:57:33]} {[%emt 00:02:19]} 34. Rh4 {[%clk 00:38:16]} {[%emt 00:00:30]} Bd8
{[%clk 00:54:08]} {[%emt 00:03:55]} 35. Rh1 {[%clk 00:34:51]} {[%emt 00:03:55]}
Be7 {[%clk 00:53:18]} {[%emt 00:01:20]} 36. Rd1 {[%clk 00:32:59]} {[%emt
00:02:22]} Nd8 {[%clk 00:52:54]} {[%emt 00:00:54]} 37. Bd5 {[%clk 00:32:07]}
{[%emt 00:01:21]} Nf7 {[%clk 00:52:25]} {[%emt 00:00:59]} 38. Bc6+ {[%clk
00:32:00]} {[%emt 00:00:37]} Kf8 {[%clk 00:52:46]} {[%emt 00:00:09]} 39. Rd7
{[%clk 00:32:15]} {[%emt 00:00:16]} Rd6 {[%clk 00:52:39]} {[%emt 00:00:36]} 40.
Rxa7 {[%clk 00:31:56]} {[%emt 00:00:49]} Rd3 {[%clk 00:52:48]} {[%emt
00:00:21]} 41. Kf2 {[%clk 00:31:59]} {[%emt 00:00:28]} Rxc3 {[%clk 00:52:48]}
{[%emt 00:00:28]} 42. Ra8+ {[%clk 00:32:03]} {[%emt 00:00:27]} Bd8 {[%clk
00:50:57]} {[%emt 00:02:20]} 43. a5 {[%clk 00:31:54]} {[%emt 00:00:40]} bxa5
{[%clk 00:51:07]} {[%emt 00:00:19]} 44. b6 {[%clk 00:32:12]} {[%emt 00:00:12]}
Ke7 {[%clk 00:50:03]} {[%emt 00:01:34]} 45. b7 {[%clk 00:31:45]} {[%emt
00:00:57]} Bc7 {[%clk 00:50:12]} {[%emt 00:00:20]} 46. Re8+ {[%clk 00:29:19]}
{[%emt 00:02:56]} Kd6 {[%clk 00:49:46]} {[%emt 00:00:57]} 47. Bd5 {[%clk
00:29:38]} {[%emt 00:00:11]} Rc2+ {[%clk 00:49:34]} {[%emt 00:00:43]} 48. Kf3
{[%clk 00:29:40]} {[%emt 00:00:28]} Rb2 {[%clk 00:49:40]} {[%emt 00:00:24]} 49.
Re6+ {[%clk 00:27:52]} {[%emt 00:02:17]} Kd7 {[%clk 00:49:54]} {[%emt
00:00:16]} 50. Rg6 {[%clk 00:28:14]} {[%emt 00:00:08]} Nd8 {[%clk 00:48:08]}
{[%emt 00:02:16]} 51. Rxg7+ {[%clk 00:28:11]} {[%emt 00:00:33]} Kd6 {[%clk
00:48:25]} {[%emt 00:00:13]} 52. h6 {[%clk 00:28:16]} {[%emt 00:00:26]} Nxb7
{[%clk 00:48:20]} {[%emt 00:00:32]} 53. h7 {[%clk 00:28:32]} {[%emt 00:00:16]}
Rh2 {[%clk 00:48:37]} {[%emt 00:00:12]} 54. Rg6+ {[%clk 00:28:43]} {[%emt
00:00:20]} Kd7 {[%clk 00:48:28]} {[%emt 00:00:40]} 55. Bh6 {[%clk 00:28:54]}
{[%emt 00:00:18]}  1-0

[Event "56th Hull Congress"]
[Site "Hull"]
[Date "2019.11.01"]
[Round "1"]
[Board "13"]
[White "Ross, Stuart"]
[Black "Okhai, Shabir"]
[Result "1/2-1/2"]
[WhiteElo "1636"]
[BlackElo "2159"]
[PlyCount "0"]
[EventDate "2019.11.01"]
[EventRounds "5"]
[EventCountry "ENG"]

1. e4 {[%clk 01:30:56]} {[%emt 00:00:02]} e5 {[%clk 01:30:56]} {[%emt
00:00:07]} 2. Nf3 {[%clk 01:31:15]} {[%emt 00:00:09]} Nc6 {[%clk 01:31:22]}
{[%emt 00:00:08]} 3. Bb5 {[%clk 01:31:32]} {[%emt 00:00:09]} a6 {[%clk
01:31:48]} {[%emt 00:00:05]} 4. Bxc6 {[%clk 01:31:29]} {[%emt 00:00:32]} dxc6
{[%clk 01:32:13]} {[%emt 00:00:08]} 5. O-O {[%clk 01:31:36]} {[%emt 00:00:20]}
Be7 {[%clk 01:32:22]} {[%emt 00:00:21]} 6. d3 {[%clk 01:31:48]} {[%emt
00:00:19]} Bf6 {[%clk 01:31:41]} {[%emt 00:01:12]} 7. Nbd2 {[%clk 01:29:54]}
{[%emt 00:02:23]} Ne7 {[%clk 01:31:59]} {[%emt 00:00:12]} 8. Nc4 {[%clk
01:27:36]} {[%emt 00:02:48]} Ng6 {[%clk 01:32:12]} {[%emt 00:00:17]} 9. Ne3
{[%clk 01:26:50]} {[%emt 00:01:16]} Be6 {[%clk 01:29:51]} {[%emt 00:02:52]} 10.
c3 {[%clk 01:22:18]} {[%emt 00:05:00]} c5 {[%clk 01:28:19]} {[%emt 00:02:04]}
11. Qc2 {[%clk 01:18:13]} {[%emt 00:04:34]} Qd7 {[%clk 01:23:58]} {[%emt
00:04:51]} 12. b4 {[%clk 01:10:24]} {[%emt 00:08:17]} Rd8 {[%clk 00:54:10]}
{[%emt 00:30:19]} 13. Rd1 {[%clk 01:05:26]} {[%emt 00:05:27]} Qc6 {[%clk
00:43:06]} {[%emt 00:11:36]} 14. bxc5 {[%clk 00:58:11]} {[%emt 00:07:43]} Qxc5
{[%clk 00:43:00]} {[%emt 00:00:35]} 15. d4 {[%clk 00:56:32]} {[%emt 00:02:10]}
exd4 {[%clk 00:42:17]} {[%emt 00:01:14]} 16. cxd4 {[%clk 00:51:02]} {[%emt
00:05:59]} Qxc2 {[%clk 00:42:13]} {[%emt 00:00:36]} 17. Nxc2 {[%clk 00:51:26]}
{[%emt 00:00:05]} Bg4 {[%clk 00:36:55]} {[%emt 00:05:48]} 18. Be3 {[%clk
00:46:14]} {[%emt 00:05:41]} Nh4 {[%clk 00:34:29]} {[%emt 00:02:58]} 19. Nce1
{[%clk 00:45:20]} {[%emt 00:01:22]} O-O {[%clk 00:29:03]} {[%emt 00:05:58]} 20.
Rab1 {[%clk 00:41:44]} {[%emt 00:04:04]} b6 {[%clk 00:27:41]} {[%emt 00:01:54]}
21. h3 {[%clk 00:40:43]} {[%emt 00:01:30]} Bh5 {[%clk 00:25:57]} {[%emt
00:02:16]} 22. e5 {[%clk 00:36:51]} {[%emt 00:04:21]} Nxf3+ {[%clk 00:25:32]}
{[%emt 00:00:56]} 23. Nxf3 {[%clk 00:36:42]} {[%emt 00:00:38]} Be7 {[%clk
00:25:42]} {[%emt 00:00:20]} 24. Rdc1 {[%clk 00:33:20]} {[%emt 00:03:52]} Rc8
{[%clk 00:23:24]} {[%emt 00:02:49]} 25. d5 {[%clk 00:26:46]} {[%emt 00:07:03]}
Bg6 {[%clk 00:18:52]} {[%emt 00:05:03]} 26. Rb3 {[%clk 00:26:55]} {[%emt
00:00:19]} a5 {[%clk 00:17:15]} {[%emt 00:02:11]} 27. Rbc3 {[%clk 00:24:55]}
{[%emt 00:02:29]} c5 {[%clk 00:14:59]} {[%emt 00:02:46]} 28. dxc6 {[%clk
00:20:27]} {[%emt 00:04:57]} b5 {[%clk 00:15:02]} {[%emt 00:00:27]} 29. Bc5
{[%clk 00:18:56]} {[%emt 00:02:00]} b4 {[%clk 00:13:38]} {[%emt 00:01:57]} 30.
Bxe7 {[%clk 00:18:08]} {[%emt 00:01:16]} bxc3 {[%clk 00:11:19]} {[%emt
00:02:49]} 31. Bxf8 {[%clk 00:18:23]} {[%emt 00:00:15]} c2 {[%clk 00:09:36]}
{[%emt 00:02:12]} 32. Bd6 {[%clk 00:15:38]} {[%emt 00:03:14]}  1/2-1/2

[Event "56th Hull Congress"]
[Site "Hull"]
[Date "2019.11.01"]
[Round "1"]
[Board "14"]
[White "Moreby, James E"]
[Black "Varley, Joe"]
[Result "1-0"]
[WhiteElo "2121"]
[BlackElo "1589"]
[PlyCount "0"]
[EventDate "2019.11.01"]
[EventRounds "5"]
[EventCountry "ENG"]

1. c4 {[%clk 01:30:57]} {[%emt 00:04:13]} e5 {[%clk 01:30:25]} {[%emt
00:00:36]} 2. Nc3 {[%clk 01:31:22]} {[%emt 00:00:05]} Nf6 {[%clk 01:30:40]}
{[%emt 00:00:15]} 3. Nf3 {[%clk 01:31:51]} {[%emt 00:00:02]} Nc6 {[%clk
01:30:56]} {[%emt 00:00:14]} 4. e4 {[%clk 01:32:16]} {[%emt 00:00:04]} b6
{[%clk 01:23:47]} {[%emt 00:07:41]} 5. d4 {[%clk 01:30:28]} {[%emt 00:02:17]}
exd4 {[%clk 01:15:20]} {[%emt 00:08:57]} 6. Nxd4 {[%clk 01:30:56]} Bb7 {[%clk
01:13:51]} {[%emt 00:02:00]} 7. f3 {[%clk 01:29:40]} {[%emt 00:01:45]} Nxd4
{[%clk 01:03:56]} {[%emt 00:10:27]} 8. Qxd4 {[%clk 01:29:58]} {[%emt 00:00:12]}
Bc5 {[%clk 01:04:12]} {[%emt 00:00:13]} 9. Qd3 {[%clk 01:29:49]} {[%emt
00:00:38]} h6 {[%clk 01:02:26]} {[%emt 00:02:17]} 10. a3 {[%clk 01:27:01]}
{[%emt 00:03:17]} a5 {[%clk 00:55:55]} {[%emt 00:07:01]} 11. Bd2 {[%clk
01:21:24]} {[%emt 00:06:07]} O-O {[%clk 00:52:38]} {[%emt 00:03:47]} 12. O-O-O
{[%clk 01:21:27]} {[%emt 00:00:27]} Re8 {[%clk 00:48:17]} {[%emt 00:04:51]} 13.
g4 {[%clk 01:19:14]} {[%emt 00:02:43]} Bd6 {[%clk 00:43:32]} {[%emt 00:05:17]}
14. h4 {[%clk 01:17:59]} {[%emt 00:01:44]} h5 {[%clk 00:33:22]} {[%emt
00:10:41]} 15. g5 {[%clk 01:17:05]} {[%emt 00:01:29]} Nh7 {[%clk 00:33:38]}
{[%emt 00:00:07]} 16. f4 {[%clk 01:17:12]} {[%emt 00:00:23]} f5 {[%clk
00:30:05]} {[%emt 00:04:04]} 17. Bg2 {[%clk 01:17:11]} {[%emt 00:00:29]} Nf8
{[%clk 00:29:02]} {[%emt 00:01:34]} 18. Bf3 {[%clk 01:14:32]} {[%emt 00:03:10]}
Ne6 {[%clk 00:28:57]} {[%emt 00:00:35]} 19. e5 {[%clk 01:12:06]} {[%emt
00:02:56]} Nc5 {[%clk 00:24:46]} {[%emt 00:04:42]} 20. Bd5+ {[%clk 01:11:52]}
{[%emt 00:00:44]} Bxd5 {[%clk 00:23:03]} {[%emt 00:02:13]} 21. Qxd5+ {[%clk
01:12:19]} {[%emt 00:00:02]} Kh8 {[%clk 00:23:22]} {[%emt 00:00:12]} 22. exd6
{[%clk 01:12:40]} {[%emt 00:00:48]}  1-0

[Event "56th Hull Congress"]
[Site "Hull"]
[Date "2019.11.01"]
[Round "1"]
[Board "15"]
[White "Bettley, Andrew D"]
[Black "Starley, Robert"]
[Result "1/2-1/2"]
[WhiteElo "1492"]
[BlackElo "2086"]
[PlyCount "0"]
[EventDate "2019.11.01"]
[EventRounds "5"]
[EventCountry "ENG"]

1. e4 {[%clk 01:30:56]} {[%emt 00:00:04]} e5 {[%clk 01:30:56]} {[%emt
00:00:04]} 2. Nf3 {[%clk 01:31:23]} {[%emt 00:00:04]} Nc6 {[%clk 01:31:21]}
{[%emt 00:00:05]} 3. Bc4 {[%clk 01:31:49]} {[%emt 00:00:03]} Bc5 {[%clk
01:31:42]} {[%emt 00:00:09]} 4. d3 {[%clk 01:32:07]} {[%emt 00:00:15]} h6
{[%clk 01:31:47]} {[%emt 00:00:21]} 5. Nc3 {[%clk 01:32:16]} {[%emt 00:00:25]}
Nf6 {[%clk 01:32:11]} {[%emt 00:00:04]} 6. h3 {[%clk 01:30:31]} {[%emt
00:02:15]} O-O {[%clk 01:32:25]} {[%emt 00:00:16]} 7. O-O {[%clk 01:30:43]}
{[%emt 00:00:17]} a5 {[%clk 01:31:52]} {[%emt 00:01:03]} 8. a4 {[%clk
01:30:58]} {[%emt 00:00:16]} d6 {[%clk 01:32:02]} {[%emt 00:00:19]} 9. Be3
{[%clk 01:27:06]} {[%emt 00:04:22]} Bxe3 {[%clk 01:29:16]} {[%emt 00:03:16]} 10.
fxe3 {[%clk 01:27:28]} {[%emt 00:00:08]} Qe7 {[%clk 01:28:45]} {[%emt
00:01:03]} 11. Qe2 {[%clk 01:25:08]} {[%emt 00:02:49]} Nb4 {[%clk 01:27:34]}
{[%emt 00:01:41]} 12. Nh4 {[%clk 01:20:05]} {[%emt 00:05:32]} Kh8 {[%clk
01:18:32]} {[%emt 00:09:34]} 13. Nf5 {[%clk 01:18:06]} {[%emt 00:02:29]} Bxf5
{[%clk 01:18:36]} {[%emt 00:00:26]} 14. Rxf5 {[%clk 01:17:56]} {[%emt
00:00:40]} c6 {[%clk 01:17:32]} {[%emt 00:01:34]} 15. Raf1 {[%clk 01:13:49]}
{[%emt 00:04:36]} d5 {[%clk 01:16:36]} {[%emt 00:01:27]} 16. exd5 {[%clk
01:13:06]} {[%emt 00:01:12]} cxd5 {[%clk 01:17:01]} {[%emt 00:00:06]} 17. Bb3
{[%clk 01:12:08]} {[%emt 00:01:28]} Rg8 {[%clk 01:09:08]} {[%emt 00:08:23]} 18.
Qf2 {[%clk 01:06:13]} {[%emt 00:06:25]} Kh7 {[%clk 01:03:53]} {[%emt 00:05:45]}
19. Qh4 {[%clk 00:57:34]} {[%emt 00:09:09]} Rad8 {[%clk 00:59:10]} {[%emt
00:05:13]} 20. g4 {[%clk 00:54:10]} {[%emt 00:03:55]} Qc5 {[%clk 00:52:12]}
{[%emt 00:07:28]} 21. Rxe5 {[%clk 00:52:13]} {[%emt 00:02:26]} Nc6 {[%clk
00:52:08]} {[%emt 00:00:35]} 22. d4 {[%clk 00:48:29]} {[%emt 00:04:14]} Nxd4
{[%clk 00:47:38]} {[%emt 00:05:01]} 23. Bxd5 {[%clk 00:42:19]} {[%emt
00:06:39]} Nxd5 {[%clk 00:45:53]} {[%emt 00:02:15]} 24. Ne4 {[%clk 00:38:38]}
{[%emt 00:04:10]} Ne2+ {[%clk 00:43:13]} {[%emt 00:03:10]} 25. Kh2 {[%clk
00:37:57]} {[%emt 00:01:12]} Qxc2 {[%clk 00:17:37]} {[%emt 00:26:06]} 26. Ng5+
{[%clk 00:36:34]} {[%emt 00:01:53]} Kh8 {[%clk 00:17:55]} {[%emt 00:00:11]} 27.
Nxf7+ {[%clk 00:36:57]} {[%emt 00:00:08]} Kh7 {[%clk 00:18:18]} {[%emt
00:00:06]} 28. Ng5+ {[%clk 00:29:49]} {[%emt 00:07:38]} Kh8 {[%clk 00:18:40]}
{[%emt 00:00:08]} 29. Nf7+ {[%clk 00:29:33]} {[%emt 00:01:01]}  1/2-1/2